header

Letters and orations (Record no. 227022)

MARC details
000 -LEADER
fixed length control field 01981nam a2200469 a 4500
082 04 - DEWEY DECIMAL CLASSIFICATION NUMBER
Classification number 875/.04
100 1# - MAIN ENTRY--AUTHOR NAME
Personal name Fedele, Cassandra,
245 10 - TITLE STATEMENT
Title Letters and orations
260 ## - PUBLICATION, DISTRIBUTION, ETC. (IMPRINT)
Place of publication Chicago :
Name of publisher University of Chicago Press,
Year of publication 2000.
300 ## - PHYSICAL DESCRIPTION
Number of Pages xxvii, 181 p. :
Other physical details port.
490 1# - SERIES STATEMENT
Series statement Other voice in early modern Europe
650 #0 - SUBJECT ADDED ENTRY--TOPICAL TERM
Topical Term Speeches, addresses, etc., Latin (Medieval and modern)
Topical Term Authors, Latin (Medieval and modern)
Topical Term Humanists
Topical Term Feminists
700 1# - ADDED ENTRY--PERSONAL NAME
Personal name Robin, Diana Maury.
856 40 - ELECTRONIC LOCATION AND ACCESS
Uniform Resource Identifier http://site.ebrary.com/lib/rucke/Doc?id=10210020

No items available.

© 2026 Rongo University
Contact us: librarian | system librarian | Rongo university